000 00425nam a2200133Ia 4500
008 100328s9999 xx 000 0 und d
082 _b3983
100 _aवरेरकर भार्गवराम विठ्ठल
245 _aसव्यसाची भाग-1
260 _bअभिनव
630 _aसव्यसाची भाग-1
730 _aसव्यसाची भाग-1
942 _cBOOK
999 _c500087
_d500084